Widok standardowy
Widok MARC
Pozycja Corporate Name
Liczba rekordów, w których użyto hasła: 1
001 - Numer kontrolny
- control field: 23040
003 - Identyfikator numeru kontrolnego
- control field: NUKAT
005 - Data i czas ostatniej modyfikacji
- control field: 20260429131140.0
008 - Dane kontrolne kodowane (40 znaków)
- fixed length control field: 020221n||a|znnaabn |a ana |c
010 ## - Numer kontrolny Biblioteki Kongresu
- numer kontrolny LC: n 02058130
024 7# - OTHER STANDARD IDENTIFIER
- Standard number or code: 167349217
- Source of number or code: viaf
040 ## - Instytucja sporządzająca rekord
- inst. przygot. dane do rek. khw: WR O/AK
- język haseł przedmiotowych/tezaurus: kaba
- inst. wprow. rek. khw: WR O/AK
110 1# - Hasło - nazwa ciała zbiorowego
- nazwa ciała zbior. lub geogr. na pocz.: Polska.
- nazwa jednostki podrzędnej: Wojsko Polskie (1918-1939).
- nazwa jednostki podrzędnej: Sztab Główny.
- nazwa jednostki podrzędnej: Oddział II.
410 2# - Trop zob. - nazwa ciała zbiorowego
- nazwa ciała zbior. lub geogr. na pocz.: Oddział II Sztabu Głównego Wojska Polskiego.
410 2# - Trop zob. - nazwa ciała zbiorowego
- nazwa ciała zbior. lub geogr. na pocz.: Oddział II SG.
410 2# - Trop zob. - nazwa ciała zbiorowego
- nazwa ciała zbior. lub geogr. na pocz.: Sztab Główny Wojska Polskiego.
- nazwa jednostki podrzędnej: Oddział II.
510 1# - Trop zob. też - nazwa ciała zbiorowego
- podpole kontrolne: a
- nazwa ciała zbior. lub geogr. na pocz.: Polska.
- nazwa jednostki podrzędnej: Wojsko Polskie (1918-1939).
- nazwa jednostki podrzędnej: Sztab Generalny.
- nazwa jednostki podrzędnej: Oddział II.
665 ## - Nota historyczna
- nota historyczna: Oddział II Sztabu Generalnego Wojska Polskiego jako organ zajmujący się wywiadem oraz zwalczaniem szpiegostwa, powołano w 1919. W 1928 zmienił nazwę na Oddział II Sztabu Głównego.
670 ## - Źródło informacji
- źródło informacji: Przeciw Abwehrze / Henryk Ćwięk. - Warszawa, 2001.